[Event "Rheinland Pfalz op 10th"]
[Site "Nickenich"]
[Date "2018.05.31"]
[Round "2"]
[White "Spreemann, Ralf"]
[Black "Plum, Paul"]
[Result "1-0"]
[WhiteElo "2030"]
[BlackElo "1601"]
[PlyCount "97"]
[EventDate "2018.05.31"]
[EventType "swiss"]
[EventRounds "7"]
[EventCountry "GER"]
[SourceTitle "CBM 184 Extra"]
[Source "ChessBase"]
[SourceDate "2018.06.28"]
[SourceVersion "1"]
[SourceVersionDate "2018.06.28"]
[SourceQuality "1"]

1. e4 e5 2. Bc4 Nc6 3. Nf3 Bc5 4. c3 Nf6 5. d3 a6 6. Bb3 d6 7. 0-0 Bg4 8. Nbd2 0-0 9. h3 Bh5 10. Re1 Re8 11. Nf1 d5 12. Qe2 dxe4 13. dxe4 Qe7 14. Ng3 Bg6 15. Nh4 Rad8 16. Bg5 Qf8 17. Qf3 Be7 18. Nhf5 h6 19. Nxh6+ gxh6 20. Bxf6 Bxf6 21. Qxf6 Qg7 22. Qxg7+ Kxg7 23. Bd5 Na5 24. b4 c6 25. Bxf7 Kxf7 26. bxa5 Rd3 27. Rab1 Re7 28. Rb3 Rd2 29. a3 Rd3 30. Reb1 Kf6 31. Rxb7 Rxc3 32. R7b6 Ra7 33. f3 Be8 34. R1b3 Rc5 35. Nf5 h5 36. Nd6 Bd7 37. Nb7 Rc1+ 38. Kf2 Be6 39. Rd3 Rc2+ 40. Kg1 Ke7 41. Nd8 Bc4 42. Nxc6+ Kf7 43. Nxe5+ Ke8 44. Nxc4 Rxc4 45. Rd5 Rh7 46. Rxa6 h4 47. Ra8+ Kf7 48. Rd7+ Kg6 49. Ra6+ 1-0

[Event "Rheinland Pfalz op 8th"]
[Site "Reil an der Mosel"]
[Date "2016.05.28"]
[Round "6"]
[White "Schwab, Patrick"]
[Black "Spreemann, Ralf"]
[Result "1/2-1/2"]
[WhiteElo "1866"]
[BlackElo "2059"]
[PlyCount "51"]
[EventDate "2016.05.26"]
[EventType "swiss"]
[EventRounds "7"]
[EventCountry "GER"]
[SourceTitle "EXT 2018"]
[Source "ChessBase"]
[SourceDate "2017.10.13"]
[SourceVersion "1"]
[SourceVersionDate "2017.10.13"]
[SourceQuality "1"]

1. d4 Nf6 2. Nf3 c5 3. c3 Qa5 4. Nbd2 cxd4 5. Nb3 Qb6 6. Qxd4 Qc7 7. Bg5 Nc6 8. Qd1 Ne4 9. Bh4 d6 10. e3 Bg4 11. Be2 0-0-0 12. Qd5 Nf6 13. Qxf7 Kb8 14. Nbd4 Qc8 15. Qb3 h6 16. 0-0-0 Ka8 17. h3 Bd7 18. Nb5 g5 19. Bg3 a6 20. Nbd4 Ka7 21. Nxc6+ Bxc6 22. Rd4 e5 23. Rdd1 Ne4 24. Rhf1 Be7 25. Ne1 Rdf8 26. Bf3 1/2-1/2

[Event "Rheinland Pfalz op 8th"]
[Site "Reil an der Mosel"]
[Date "2016.05.27"]
[Round "3"]
[White "Spreemann, Ralf"]
[Black "Alt, Ralph"]
[Result "1-0"]
[WhiteElo "2059"]
[BlackElo "1527"]
[PlyCount "73"]
[EventDate "2016.05.26"]
[EventType "swiss"]
[EventRounds "7"]
[EventCountry "GER"]
[SourceTitle "EXT 2018"]
[Source "ChessBase"]
[SourceDate "2017.10.13"]
[SourceVersion "1"]
[SourceVersionDate "2017.10.13"]
[SourceQuality "1"]

1. e4 c5 2. Nf3 d6 3. Bb5+ Nc6 4. Bxc6+ bxc6 5. 0-0 Bg4 6. h3 Bd7 7. e5 e6 8. exd6 Bxd6 9. Re1 Nf6 10. d3 0-0 11. Nbd2 Qc7 12. Nc4 Bf4 13. Nfe5 Bxc1 14. Rxc1 a5 15. a4 Bc8 16. Qd2 Bb7 17. Qe3 Qe7 18. Qg5 Rfd8 19. Qd2 Qc7 20. b3 Rd4 21. Nf3 Rd5 22. Re2 Ba6 23. Ne3 Rdd8 24. Qc3 Qd6 25. Ng4 Nd5 26. Qe1 Bb7 27. Nge5 Qe7 28. Re4 Nf6 29. Rf4 Qc7 30. Ng5 Rf8 31. Rc4 Qd6 32. Qe3 h6 33. Ngf3 Rfc8 34. Qxc5 Qxc5 35. Rxc5 Nd5 36. Nc4 Nc3 37. Re1 1-0

[Event "Remote S7 Top 79 email"]
[Site "Remote email"]
[Date "2014.08.18"]
[Round "?"]
[White "Spreemann, Ralf"]
[Black "Zidu, Jan"]
[Result "1/2-1/2"]
[WhiteElo "2476"]
[BlackElo "2553"]
[PlyCount "57"]
[EventDate "2014.??.??"]
[EventType "tourn (corr)"]
[EventRounds "6"]
[EventCountry "GER"]
[SourceTitle "Corr 2015"]
[Source "ChessBase"]
[SourceDate "2015.07.17"]
[SourceVersion "1"]
[SourceVersionDate "2015.07.17"]
[SourceQuality "1"]

1. e4 e5 2. Nf3 Nc6 3. Bc4 Nf6 4. Ng5 d5 5. exd5 Na5 6. Bb5+ c6 7. dxc6 bxc6 8. Bd3 Nd5 9. Nf3 Bd6 10. 0-0 Nf4 11. Nc3 Nxd3 12. cxd3 0-0 13. Re1 Re8 14. Ne4 c5 15. b3 Bf8 16. Ba3 f5 17. Ng3 Nc6 18. Rc1 f4 19. Ne4 Bg4 20. h3 Bh5 21. g4 fxg3 22. Nxg3 Bxf3 23. Qxf3 Nd4 24. Qg4 Qa5 25. Bb2 Qxa2 26. Bxd4 exd4 27. Rxe8 Rxe8 28. Ne4 Kh8 29. Ng5 1/2-1/2

[Event "Remote 4 Seasons Summer-A email"]
[Site "Remote email"]
[Date "2014.07.15"]
[Round "?"]
[White "Spreemann, Ralf"]
[Black "Warzecha, Helmut"]
[Result "1/2-1/2"]
[WhiteElo "2476"]
[BlackElo "2439"]
[PlyCount "71"]
[EventDate "2014.??.??"]
[EventType "tourn (corr)"]
[EventRounds "9"]
[EventCountry "GER"]
[SourceTitle "Corr 2015"]
[Source "ChessBase"]
[SourceDate "2015.07.17"]
[SourceVersion "1"]
[SourceVersionDate "2015.07.17"]
[SourceQuality "1"]

1. e4 c5 2. Nf3 d6 3. d4 cxd4 4. Nxd4 Nf6 5. Nc3 a6 6. Be3 e5 7. Nb3 Be6 8. f3 Be7 9. Qd2 Nbd7 10. g4 b5 11. a4 bxa4 12. Rxa4 Nb6 13. Rxa6 Rxa6 14. Bb5+ Nfd7 15. Bxa6 Bc4 16. Bxc4 Nxc4 17. Qe2 Nxe3 18. Qxe3 h5 19. gxh5 Rxh5 20. Qa7 Rh3 21. 0-0 Bg5 22. Kg2 Rh6 23. Nd5 Nf6 24. Nxf6+ Rxf6 25. Qa4+ Kf8 26. Ra1 Rg6 27. Qc6 Be3+ 28. Kf1 Rg1+ 29. Ke2 Rxa1 30. Nxa1 Bf4 31. b4 Qb8 32. c3 Ke7 33. Nc2 Qa7 34. Qd5 g5 35. Qd1 Qa2 36. h3 1/2-1/2

[Event "Remote 4 Seasons Summer-A email"]
[Site "Remote email"]
[Date "2014.07.15"]
[Round "?"]
[White "Zidu, Jan"]
[Black "Spreemann, Ralf"]
[Result "1/2-1/2"]
[WhiteElo "2553"]
[BlackElo "2476"]
[PlyCount "59"]
[EventDate "2014.??.??"]
[EventType "tourn (corr)"]
[EventRounds "9"]
[EventCountry "GER"]
[SourceTitle "Corr 2015"]
[Source "ChessBase"]
[SourceDate "2015.07.17"]
[SourceVersion "1"]
[SourceVersionDate "2015.07.17"]
[SourceQuality "1"]

1. Nf3 Nf6 2. d4 e6 3. c4 b6 4. g3 Ba6 5. Qc2 Bb4+ 6. Bd2 Be7 7. e4 d5 8. exd5 exd5 9. Ne5 0-0 10. Bg2 Bb7 11. 0-0 Nc6 12. Be3 Qd6 13. Nc3 Nxe5 14. dxe5 Qxe5 15. Rfe1 Qd6 16. cxd5 Qd7 17. Bd4 Ne8 18. Be4 h6 19. Rad1 Bf6 20. d6 Bxe4 21. Rxe4 Bxd4 22. dxc7 Qf5 23. Rdxd4 Nxc7 24. h4 Ne6 25. Rd5 Qf6 26. Re3 Rad8 27. Qd2 Rfe8 28. Red3 Rxd5 29. Nxd5 Qf5 30. b4 1/2-1/2

[Event "Remote S7 Top 77 email"]
[Site "Remote email"]
[Date "2014.05.28"]
[Round "?"]
[White "Spreemann, Ralf"]
[Black "Mahling, Thomas"]
[Result "1/2-1/2"]
[WhiteElo "2476"]
[BlackElo "2566"]
[PlyCount "57"]
[EventDate "2014.??.??"]
[EventType "tourn (corr)"]
[EventRounds "6"]
[EventCountry "GER"]
[SourceTitle "Corr 2015"]
[Source "ChessBase"]
[SourceDate "2015.07.17"]
[SourceVersion "1"]
[SourceVersionDate "2015.07.17"]
[SourceQuality "1"]

1. e4 c5 2. Nf3 Nc6 3. d4 cxd4 4. Nxd4 Nf6 5. Nc3 e5 6. Ndb5 d6 7. Bg5 a6 8. Na3 b5 9. Nd5 Be7 10. Bxf6 Bxf6 11. c3 0-0 12. Nc2 Bg5 13. a4 bxa4 14. Rxa4 a5 15. Bc4 Rb8 16. Ra2 Kh8 17. Nce3 Bxe3 18. Nxe3 Ne7 19. 0-0 f5 20. exf5 Nxf5 21. Nd5 Bb7 22. Qd3 Rc8 23. Ba6 e4 24. Qb5 Bxa6 25. Qxa6 Rc5 26. Ne3 h6 27. Raa1 Kh7 28. Qe2 Qb6 29. Nxf5 1/2-1/2

[Event "Remote Easter qual email"]
[Site "Remote email"]
[Date "2014.03.15"]
[Round "?"]
[White "Milde, Lars"]
[Black "Spreemann, Ralf"]
[Result "1/2-1/2"]
[WhiteElo "2368"]
[BlackElo "2460"]
[PlyCount "56"]
[EventDate "2014.??.??"]
[EventType "tourn (corr)"]
[EventRounds "8"]
[EventCountry "GER"]
[SourceTitle "Corr 2015"]
[Source "ChessBase"]
[SourceDate "2015.07.17"]
[SourceVersion "1"]
[SourceVersionDate "2015.07.17"]
[SourceQuality "1"]

1. e4 c5 2. Nf3 d6 3. d4 cxd4 4. Nxd4 Nf6 5. Nc3 a6 6. h3 e5 7. Nde2 h5 8. Bg5 Be6 9. g3 Nbd7 10. Bg2 Be7 11. a4 Rc8 12. 0-0 0-0 13. Qd2 Re8 14. Rfd1 Rc6 15. b3 Qc8 16. Ra2 Nc5 17. Kh2 Qd8 18. f4 Bc8 19. a5 Ne6 20. Bxf6 Bxf6 21. Nd5 h4 22. Nxf6+ Qxf6 23. f5 hxg3+ 24. Kxg3 Nf4 25. Nxf4 Qg5+ 26. Kh2 exf4 27. Rf1 Qg3+ 28. Kh1 Rc3 1/2-1/2

[Event "Remote 4 Seasons Winter-A email"]
[Site "Remote email"]
[Date "2014.01.15"]
[Round "?"]
[White "Rosche, Ernst"]
[Black "Spreemann, Ralf"]
[Result "1/2-1/2"]
[WhiteElo "2499"]
[BlackElo "2462"]
[PlyCount "41"]
[EventDate "2014.??.??"]
[EventType "tourn (corr)"]
[EventRounds "12"]
[EventCountry "GER"]
[SourceTitle "Corr 2015"]
[Source "ChessBase"]
[SourceDate "2015.07.17"]
[SourceVersion "1"]
[SourceVersionDate "2015.07.17"]
[SourceQuality "1"]

1. e4 c5 2. Nf3 d6 3. d4 cxd4 4. Nxd4 Nf6 5. Nc3 a6 6. Be3 e5 7. Nb3 Be6 8. f3 h5 9. Nd5 Bxd5 10. exd5 g6 11. Qd2 Nbd7 12. 0-0-0 Nb6 13. Qa5 Bh6 14. Bxh6 Rxh6 15. Kb1 Kf8 16. g3 Kg7 17. f4 h4 18. Be2 hxg3 19. hxg3 Rxh1 20. Rxh1 exf4 21. gxf4 1/2-1/2

[Event "Remote S7 Top 72 email"]
[Site "Remote email"]
[Date "2013.12.08"]
[Round "?"]
[White "Spreemann, Ralf"]
[Black "Tauscher, Karl"]
[Result "1-0"]
[WhiteElo "2476"]
[BlackElo "2422"]
[PlyCount "95"]
[EventDate "2013.??.??"]
[EventType "tourn (corr)"]
[EventRounds "6"]
[EventCountry "GER"]
[SourceTitle "Corr 2015"]
[Source "ChessBase"]
[SourceDate "2015.07.17"]
[SourceVersion "1"]
[SourceVersionDate "2015.07.17"]
[SourceQuality "1"]

1. e4 e5 2. Nf3 Nf6 3. Nxe5 d6 4. Nf3 Nxe4 5. d4 d5 6. Bd3 Bd6 7. 0-0 0-0 8. c4 c6 9. Re1 Bf5 10. Qc2 Bg6 11. c5 Bc7 12. Nc3 f5 13. Qb3 Rf7 14. Ng5 Nxg5 15. Bxg5 Qc8 16. Re7 Rxe7 17. Bxe7 Nd7 18. Re1 Nf8 19. Bd6 f4 20. Bf1 Bxd6 21. cxd6 b5 22. Re7 Qf5 23. Qa3 a6 24. Qc5 Be8 25. a4 Ng6 26. Ra7 Rxa7 27. Qxa7 Qd7 28. Qa8 Kf7 29. a5 Qxd6 30. Qxa6 Qb8 31. Qb6 Qxb6 32. axb6 Nf8 33. b7 Nd7 34. Ne2 g5 35. h4 h6 36. Kh2 Nb8 37. Nc1 Ke7 38. Nd3 Kd6 39. Kh3 Bd7+ 40. g4 Be8 41. Be2 Kc7 42. Nc5 Bf7 43. Bd3 Kb6 44. Bf5 Ka7 45. Kg2 Kb6 46. Kf3 Kc7 47. h5 Bg8 48. Ke2 1-0

[Event "Remote 4 Seasons Autumn-A email"]
[Site "Remote email"]
[Date "2013.10.15"]
[Round "?"]
[White "Spreemann, Ralf"]
[Black "Nogler, Schimun"]
[Result "1/2-1/2"]
[WhiteElo "2464"]
[BlackElo "2412"]
[PlyCount "49"]
[EventDate "2013.??.??"]
[EventType "tourn (corr)"]
[EventRounds "10"]
[EventCountry "GER"]
[SourceTitle "Corr 2015"]
[Source "ChessBase"]
[SourceDate "2015.07.17"]
[SourceVersion "1"]
[SourceVersionDate "2015.07.17"]
[SourceQuality "1"]

1. e4 Nf6 2. e5 Nd5 3. d4 d6 4. Nf3 dxe5 5. Nxe5 g6 6. Bc4 Be6 7. 0-0 Bg7 8. Re1 0-0 9. Nd2 Nd7 10. Nef3 c6 11. Bf1 Bf5 12. c3 a5 13. Nh4 e6 14. g3 a4 15. c4 N5f6 16. h3 c5 17. d5 a3 18. Nxf5 exf5 19. Rb1 axb2 20. Rxb2 Ra7 21. Rb3 Ne8 22. a3 Nd6 23. Qc2 Nf6 24. Bd3 Qa5 25. Bb2 1/2-1/2

[Event "Remote 4 Seasons Autumn-A email"]
[Site "Remote email"]
[Date "2013.10.15"]
[Round "?"]
[White "Spreemann, Ralf"]
[Black "Zidu, Jan"]
[Result "1/2-1/2"]
[WhiteElo "2464"]
[BlackElo "2533"]
[PlyCount "47"]
[EventDate "2013.??.??"]
[EventType "tourn (corr)"]
[EventRounds "10"]
[EventCountry "GER"]
[SourceTitle "Corr 2015"]
[Source "ChessBase"]
[SourceDate "2015.07.17"]
[SourceVersion "1"]
[SourceVersionDate "2015.07.17"]
[SourceQuality "1"]

1. e4 e5 2. Nf3 Nc6 3. Bc4 Nf6 4. d3 Bc5 5. c3 0-0 6. 0-0 d6 7. Nbd2 h6 8. Re1 a5 9. a4 Nh5 10. h3 Qf6 11. Nf1 Be6 12. b3 Rfe8 13. Ra2 Rad8 14. d4 Bxc4 15. bxc4 exd4 16. cxd4 Bb4 17. Re3 Nb8 18. e5 dxe5 19. Nxe5 Rxe5 20. dxe5 Rxd1 21. exf6 Rxc1 22. Re8+ Kh7 23. Rxb8 Ng3 24. fxg7 1/2-1/2

[Event "Remote S7 Top 72 email"]
[Site "Remote email"]
[Date "2013.10.08"]
[Round "?"]
[White "Warzecha, Helmut"]
[Black "Spreemann, Ralf"]
[Result "1/2-1/2"]
[WhiteElo "2370"]
[BlackElo "2464"]
[PlyCount "85"]
[EventDate "2013.??.??"]
[EventType "tourn (corr)"]
[EventRounds "6"]
[EventCountry "GER"]
[SourceTitle "Corr 2015"]
[Source "ChessBase"]
[SourceDate "2015.07.17"]
[SourceVersion "1"]
[SourceVersionDate "2015.07.17"]
[SourceQuality "1"]

1. e4 c5 2. Nf3 Nc6 3. d4 cxd4 4. Nxd4 e5 5. Nb5 d6 6. Bc4 Be6 7. Bxe6 fxe6 8. c4 Nf6 9. N1c3 Be7 10. Be3 0-0 11. 0-0 a6 12. Na3 Qe8 13. Nc2 Qg6 14. f3 Nh5 15. Qd2 Nf4 16. Rad1 Rf6 17. Kh1 Raf8 18. b4 Qh5 19. Qf2 Rg6 20. g3 Nh3 21. Qe2 Ng5 22. b5 Nb8 23. Ne1 axb5 24. cxb5 Nf7 25. Qc4 Bd8 26. Ne2 Nd7 27. Ng2 Bg5 28. g4 Qh6 29. Bf2 Rf6 30. Qc3 d5 31. Bg1 d4 32. Qc7 Qh3 33. Qxd7 Rxf3 34. Qxe6 h5 35. Nxd4 exd4 36. Rxf3 Qxf3 37. Rxd4 h4 38. Qb3 Qxb3 39. axb3 h3 40. Ne1 Nh6 41. e5 Rf1 42. Re4 Bd8 43. Nd3 1/2-1/2

[Event "Remote email"]
[Site "Remote email"]
[Date "2013.10.01"]
[Round "4"]
[White "Tropf, Peter"]
[Black "Spreemann, Ralf"]
[Result "1/2-1/2"]
[WhiteElo "2336"]
[BlackElo "2460"]
[PlyCount "50"]
[EventDate "2013.??.??"]
[EventType "tourn (corr)"]
[EventRounds "6"]
[EventCountry "GER"]
[SourceTitle "Corr 2015"]
[Source "ChessBase"]
[SourceDate "2015.07.17"]
[SourceVersion "1"]
[SourceVersionDate "2015.07.17"]
[SourceQuality "1"]

1. e4 c5 2. Nf3 Nc6 3. d4 cxd4 4. Nxd4 Nf6 5. Nc3 e5 6. Ndb5 d6 7. Bg5 a6 8. Na3 b5 9. Bxf6 gxf6 10. Nd5 f5 11. Bd3 Be6 12. 0-0 Bxd5 13. exd5 Ne7 14. c3 Bg7 15. Qh5 e4 16. Be2 0-0 17. Nc2 Re8 18. Rad1 f4 19. Nb4 Qb6 20. Qg5 a5 21. Nc6 Nxc6 22. dxc6 Re5 23. Qxf4 Qxc6 24. a3 Qc5 25. Qe3 Qxe3 1/2-1/2

[Event "Remote S7 Top 74 email"]
[Site "Remote email"]
[Date "2013.09.09"]
[Round "?"]
[White "Spreemann, Ralf"]
[Black "Zidu, Jan"]
[Result "1/2-1/2"]
[WhiteElo "2464"]
[BlackElo "2533"]
[PlyCount "34"]
[EventDate "2013.??.??"]
[EventType "tourn (corr)"]
[EventRounds "6"]
[EventCountry "GER"]
[SourceTitle "Corr 2015"]
[Source "ChessBase"]
[SourceDate "2015.07.17"]
[SourceVersion "1"]
[SourceVersionDate "2015.07.17"]
[SourceQuality "1"]

1. e4 e5 2. Nf3 Nc6 3. Bb5 Nf6 4. 0-0 Nxe4 5. d4 Nd6 6. Bxc6 dxc6 7. dxe5 Nf5 8. Qxd8+ Kxd8 9. Nc3 Ke8 10. Rd1 Be7 11. Ne2 b6 12. Nfd4 Nxd4 13. Nxd4 Bd7 14. a4 a6 15. a5 c5 16. Ne2 Bf5 17. axb6 cxb6 1/2-1/2

[Event "Bad Godesberg op 17th"]
[Site "Bad Godesberg"]
[Date "2013.08.10"]
[Round "8"]
[White "Spreemann, Ralf"]
[Black "Krebs, Dietmar"]
[Result "0-1"]
[WhiteElo "2011"]
[BlackElo "2080"]
[PlyCount "87"]
[EventDate "2013.08.03"]
[EventType "swiss"]
[EventRounds "9"]
[EventCountry "GER"]
[SourceTitle "CBM 155 Extra"]
[Source "ChessBase"]
[SourceDate "2013.08.26"]
[SourceVersion "1"]
[SourceVersionDate "2013.08.26"]
[SourceQuality "1"]

1. e4 c5 2. Nf3 d6 3. Bb5+ Bd7 4. Bxd7+ Qxd7 5. 0-0 Nf6 6. Re1 Nc6 7. c3 e6 8. d4 cxd4 9. cxd4 d5 10. e5 Ne4 11. Nbd2 Nxd2 12. Bxd2 Be7 13. Rc1 0-0 14. Rc3 f6 15. exf6 Bxf6 16. Bg5 Rae8 17. Bxf6 Rxf6 18. Rce3 h6 19. Qd2 Qf7 20. b4 a6 21. a4 b5 22. axb5 axb5 23. Qc3 Qb7 24. Rc1 Rc8 25. Qe1 Ne7 26. Rxc8+ Qxc8 27. Rc3 Qa6 28. Rc7 Ng6 29. h3 Rf7 30. Rc5 Rf8 31. Qf1 Rb8 32. g3 Qa3 33. Qe2 Nf8 34. Kg2 Qxb4 35. Qe5 Rb7 36. Qh5 Rf7 37. Qg4 Qb2 38. Rc8 Qe2 39. Rc3 b4 40. Re3 Qc2 41. Rxe6 Nxe6 42. Qxe6 Qf5 43. Qe8+ Rf8 44. Qe3 0-1

[Event "Bad Godesberg op 17th"]
[Site "Bad Godesberg"]
[Date "2013.08.06"]
[Round "4"]
[White "Moeller, Jeremy"]
[Black "Spreemann, Ralf"]
[Result "1-0"]
[WhiteElo "1983"]
[BlackElo "2011"]
[PlyCount "68"]
[EventDate "2013.08.03"]
[EventType "swiss"]
[EventRounds "9"]
[EventCountry "GER"]
[SourceTitle "CBM 155 Extra"]
[Source "ChessBase"]
[SourceDate "2013.08.26"]
[SourceVersion "1"]
[SourceVersionDate "2013.08.26"]
[SourceQuality "1"]

1. e4 c6 2. d4 d5 3. exd5 cxd5 4. c4 Nf6 5. Nc3 Nc6 6. Nf3 Bg4 7. cxd5 Nxd5 8. Qb3 Bxf3 9. gxf3 e6 10. Be3 Nxe3 11. fxe3 Qh4+ 12. Ke2 Bb4 13. a3 Bxc3 14. bxc3 0-0 15. Qb1 e5 16. d5 Ne7 17. Qe4 Qf6 18. c4 b5 19. c5 Nxd5 20. Qxd5 e4 21. Bg2 Rad8 22. Qa2 Qg6 23. Kf2 exf3 24. Bxf3 Rfe8 25. Rad1 Qg5 26. Qb3 Rxd1 27. Rxd1 Qxc5 28. Rd7 Qf5 29. Qd5 Qf6 30. Qd4 Qg5 31. h4 Qg6 32. Rd8 Qe6 33. Rxe8+ Qxe8 34. Qxa7 h6 1-0

[Event "Remote 4 Seasons Summer email"]
[Site "Remote email"]
[Date "2013.07.01"]
[Round "?"]
[White "Spreemann, Ralf"]
[Black "Heinrich, Olaf Wittmund"]
[Result "1-0"]
[WhiteElo "2464"]
[BlackElo "2378"]
[PlyCount "55"]
[EventDate "2013.??.??"]
[EventType "tourn (corr)"]
[EventRounds "10"]
[EventCountry "GER"]
[SourceTitle "Corr 2015"]
[Source "ChessBase"]
[SourceDate "2015.07.17"]
[SourceVersion "1"]
[SourceVersionDate "2015.07.17"]
[SourceQuality "1"]

1. e4 c5 2. Nf3 d6 3. d4 cxd4 4. Nxd4 Nf6 5. Nc3 a6 6. Bg5 e6 7. f4 Qb6 8. Qd2 Qxb2 9. Rb1 Qa3 10. e5 dxe5 11. fxe5 Nfd7 12. Ne4 h6 13. Bh4 Qxa2 14. Rd1 Qd5 15. Qe3 Qxe5 16. Be2 Bc5 17. Bg3 Bxd4 18. Rxd4 Qa5+ 19. Rd2 0-0 20. Bd6 Rd8 21. g4 f6 22. g5 hxg5 23. h4 g4 24. h5 Nc6 25. h6 g6 26. 0-0 f5 27. Qg5 Kh8 28. Qxg6 1-0

[Event "Remote 4 Seasons Summer email"]
[Site "Remote email"]
[Date "2013.07.01"]
[Round "?"]
[White "Warzecha, Helmut"]
[Black "Spreemann, Ralf"]
[Result "0-1"]
[WhiteElo "2397"]
[BlackElo "2439"]
[PlyCount "94"]
[EventDate "2013.??.??"]
[EventType "tourn (corr)"]
[EventRounds "10"]
[EventCountry "GER"]
[SourceTitle "Corr 2015"]
[Source "ChessBase"]
[SourceDate "2015.07.17"]
[SourceVersion "1"]
[SourceVersionDate "2015.07.17"]
[SourceQuality "1"]

1. e4 c5 2. Nf3 Nc6 3. d4 cxd4 4. Nxd4 Nf6 5. Nc3 e5 6. Ndb5 d6 7. Bg5 a6 8. Bxf6 gxf6 9. Na3 b5 10. Nd5 f5 11. Bd3 Be6 12. 0-0 Bxd5 13. exd5 Ne7 14. c4 Bg7 15. Be2 e4 16. Qd2 b4 17. Qxb4 0-0 18. Qd2 Ng6 19. Kh1 f4 20. c5 dxc5 21. Nc4 Qg5 22. Rae1 Rad8 23. d6 Bd4 24. Qc2 Nh4 25. g3 f3 26. Bd1 f5 27. Rg1 Ng6 28. g4 Qh6 29. b4 Nf4 30. bxc5 Nh3 31. Ne3 Kh8 32. gxf5 Bxe3 33. Rxe3 Nxg1 34. Qc3+ Qg7 35. Qxg7+ Kxg7 36. Kxg1 Rxf5 37. Rxe4 Rxc5 38. Rd4 Kf6 39. Rd3 Ke5 40. d7 Ke4 41. Re3+ Kd4 42. Kf1 Rc1 43. Ke1 Ra1 44. Kd2 Rxa2+ 45. Bc2 Kc5 46. Rc3+ Kd6 47. Rd3+ Ke7 0-1

[Event "Remote-ch Class3 email"]
[Site "Remote email"]
[Date "2013.04.01"]
[Round "?"]
[White "Sachse, Steffen"]
[Black "Spreemann, Ralf"]
[Result "1-0"]
[WhiteElo "2455"]
[BlackElo "2439"]
[PlyCount "111"]
[EventDate "2013.??.??"]
[EventType "tourn (corr)"]
[EventRounds "6"]
[EventCountry "GER"]
[SourceTitle "Corr 2015"]
[Source "ChessBase"]
[SourceDate "2015.07.17"]
[SourceVersion "1"]
[SourceVersionDate "2015.07.17"]
[SourceQuality "1"]

1. Nf3 d5 2. b3 Nf6 3. e3 Bg4 4. h3 Bxf3 5. Qxf3 e6 6. Bb2 Nbd7 7. Nc3 c6 8. g4 Bd6 9. g5 Ng8 10. Rg1 Ne7 11. 0-0-0 Qa5 12. Kb1 Ne5 13. Qg2 0-0-0 14. f4 Nd7 15. Na4 b5 16. Nc3 Ba3 17. Ba1 Kb7 18. Ne2 Rhg8 19. Qf3 Nf5 20. h4 Nd6 21. Ng3 Qb6 22. Qh5 Nf8 23. Be5 g6 24. Qf3 a5 25. Rh1 a4 26. Bc3 axb3 27. cxb3 Ra8 28. Rh2 Nd7 29. h5 Qa7 30. d3 Rgc8 31. Rc2 Ne8 32. d4 Bf8 33. Bd2 Qa3 34. e4 Nb6 35. Qd3 dxe4 36. Nxe4 Nd5 37. Bg2 Rc7 38. Rdc1 Qa6 39. h6 Be7 40. Bf3 Rac8 41. Qe2 Ra8 42. Be1 b4 43. Qxa6+ Rxa6 44. Nc5+ Bxc5 45. dxc5 Re7 46. Bxd5 exd5 47. Bxb4 Nc7 48. f5 Re4 49. Bc3 Ra7 50. Rf2 Ka6 51. Rcf1 Nb5 52. Bb2 Nd4 53. fxg6 fxg6 54. Bxd4 Rxd4 55. a4 Rg4 56. Rf7 1-0